| 000 | 01462nam a22003737a 4500 | ||
|---|---|---|---|
| 003 | CHAP | ||
| 005 | 20220329143847.0 | ||
| 008 | 120302s1998 mx r 00010 spa d | ||
| 010 | _a102884 | ||
| 011 | _a103856 | ||
| 020 | _a9683665748 | ||
| 035 | _a114545 | ||
| 040 | _cCHAP | ||
| 082 | 0 | 4 |
_a344.046 _bUn13 |
| 110 | 2 |
_aUniversidad Nacional Autónoma de México. Instituto de Investigaciones Jurídicas _9116557 |
|
| 245 | 1 | 3 |
_aLa responsabilidad juridica en el daño ambiental _c/por Universidad Nacional Autónoma de México. Instituto de Investigaciones Jurídicas y Petróleos Mexicanos |
| 260 |
_aMéxico : _bUNAM. Instituto de Investigaciones Jurídicas : _bPetróleos Mexicanos, _c1998 |
||
| 300 |
_a237 p. : _btablas |
||
| 490 | 0 |
_aSerie E. _pVarios _v; 87 |
|
| 590 |
_aBATCH-UPD _b10 _c20130110 _lUCH01 _h1344 |
||
| 590 |
_aBATCH-UPD _b10 _c20130410 _lUCH01 _h0843 |
||
| 590 |
_aBATCH-UPD _b10 _c20130914 _lUCH01 _h1244 |
||
| 590 |
_aCONVERSION _b10 _c20130109 _lUCH01 _h1357 |
||
| 650 | 1 | 4 |
_aEducación ambiental. _935556 |
| 650 | 1 | 4 |
_aMedio ambiente _xContaminación. _974069 |
| 650 | 1 | 4 |
_aMedio ambiente _xLeyes. _974098 |
| 650 | 1 | 4 |
_aMedio ambiente _xProtección _zMéxico. _974111 |
| 650 | 1 | 4 |
_aRecursos naturales _xConservación _xMéxico. _995242 |
| 710 | 0 |
_aPEMEX. _986658 |
|
| 830 | 0 |
_aSerie E. _pVarios _v; 87 _9104832 |
|
| 901 | _aBK | ||
| 942 | _cLIBRO | ||
| 949 |
_a344.046 Un13 _bBC _cLIBRO _d33724002328801 _eLIBRO _gDonaciØn _h116345 _i114545 _sb |
||
| 999 |
_c102884 _d102884 |
||